Library Banner

Remapping the ottoman middle east (Record no. 85070)

MARC details
000 -LEADER
fixed length control field 00493nam a2200181Ia 4500
001 - CONTROL NUMBER
control field 72083
008 - FIXED-LENGTH DATA ELEMENTS--GENERAL INFORMATION
fixed length control field 160401s9999 xx 000 0 und d
020 ## - INTERNATIONAL STANDARD BOOK NUMBER
International Standard Book Number 9781784531614
040 ## - CATALOGING SOURCE
Transcribing agency PK-LaUMT
082 ## - DEWEY DECIMAL CLASSIFICATION NUMBER
Classification number 956.015
Item number EMR-R
100 ## - MAIN ENTRY--PERSONAL NAME
Personal name Emrence, Cem
245 ## - TITLE STATEMENT
Title Remapping the ottoman middle east
Remainder of title modernity, imperial bureaucracy and Islam
Statement of responsibility, etc Emrence, Cem
260 ## - PUBLICATION, DISTRIBUTION, ETC. (IMPRINT)
Place of publication, distribution, etc London,UK:
Name of publisher, distributor, etc I. B. Tauris Publishers,
Date of publication, distribution, etc 2012
300 ## - PHYSICAL DESCRIPTION
Extent 192 p.
546 ## - LANGUAGE NOTE
Language note EN
650 ## - SUBJECT ADDED ENTRY--TOPICAL TERM
Topical term or geographic name as entry element Ottoman
942 ## - ADDED ENTRY ELEMENTS (KOHA)
Koha item type Books
Holdings
Withdrawn status Lost status Damaged status Not for loan Home library Current library Date acquired Total Checkouts Total Renewals Full call number Barcode Date last seen Date checked out Price effective from Koha item type
        UMT Main Campus UMT Main Campus 2016-04-01 2 1 956.015 EMR-R 98706 2022-04-29 2022-04-21 2016-04-01 Books